EMERGENCY MEDICINE (Record no. 216894)
[ view plain ]
| 000 -LEADER | |
|---|---|
| fixed length control field | 00476nam a22001817a 4500 |
| 008 - FIXED-LENGTH DATA ELEMENTS--GENERAL INFORMATION | |
| fixed length control field | 260330b |||||||| |||| 00| 0 eng d |
| 020 ## - INTERNATIONAL STANDARD BOOK NUMBER | |
| International Standard Book Number | 978-93-5250-017-8 |
| 100 ## - MAIN ENTRY--PERSONAL NAME | |
| Personal name | MEHTA, ARJUN |
| 245 ## - TITLE STATEMENT | |
| Title | EMERGENCY MEDICINE |
| 250 ## - EDITION STATEMENT | |
| Edition statement | 2ND ED |
| 260 ## - PUBLICATION, DISTRIBUTION, ETC. | |
| Place of publication, distribution, etc. | NEW DELHI |
| Name of publisher, distributor, etc. | THE HEALTH SCIENCES PUBLISHER |
| Date of publication, distribution, etc. | 2016 |
| 300 ## - PHYSICAL DESCRIPTION | |
| Extent | XVIII, 398P. |
| 500 ## - GENERAL NOTE | |
| General note | INCLUDES INDEX |
| 650 ## - SUBJECT ADDED ENTRY | |
| Topical term or geographic name entry element | EMERGENCY MEDICINE |
| 700 ## - ADDED ENTRY--PERSONAL NAME | |
| Personal name | CULLEY, CATHERINE |
| 942 ## - ADDED ENTRY ELEMENTS (KOHA) | |
| Source of classification or shelving scheme | Library of Congress Classification |
| Koha item type | Long Loan Book |
| Withdrawn status | Lost status | Source of classification or shelving scheme | Damaged status | Not for loan | Collection | Home library | Current library | Shelving location | Date acquired | Inventory number | Total checkouts | Full call number | Barcode | Date last seen | Copy number | Price effective from | Koha item type |
|---|---|---|---|---|---|---|---|---|---|---|---|---|---|---|---|---|---|
| Library of Congress Classification | Periodicals & Newspapers | Kisii University Library | Kisii University Library | On Display | 03/30/2026 | 112641 | RC 86.7 .M44 2016 | A000058 | 03/30/2026 | 1 | 03/30/2026 | Long Loan Book | |||||
| Library of Congress Classification | Periodicals & Newspapers | Kisii University Library | Kisii University Library | On Display | 03/30/2026 | 112642 | RC 86.7 .M44 2016 | A000057 | 03/30/2026 | 2 | 03/30/2026 | Long Loan Book |